02770nam a2200385 i 4500003000900000005001700009007000300026008003800029020001800067040003000085041000800115082002400123100007600147245013600223250002300359264007200382300005400454336002700508337003300535338002800568500004600596500003600642500010700678504003600785505079100821590002701612910001401639942001401653952012901667952013401796952013401930952017202064952013102236999001702367DO-SdBNP20250616110620.0ta100322s2019 dr c 000 0 spa d a9789945804201 aDO-SdBNPbspacBNPHUerda aspa 4axxxbM516a 20192221 aRosario, Reinaeautor4aut.937920qRosario Fernández, Reina Cristina10aAportes de Abigaíl Mejía a la historiografía dominicana :buna feminista volando alto con las alas de Clío /cReina Rosario aSegunda edición  4aSanto Domingo, República Dominicana :bCocolo Editorial,c©2019. a129 páginas :bilustraciones retratos ;c23 cm. atextobtxt2rdacontent asin mediaciónbn2rdamedia avolumenbnc2rdacarrier aIncluye datos biográficos de la autora. aIncluye notas a pie de paginas. aDiscurso de Ingreso como miembro correspondiente nacional de la Academia Dominicana de la Historia. aBibliografía : paginas 98-100 aGratitud, 11. -- Presentación, 13 -- Para empezar, 19.-- Exordio, 23.-- Aportes de Abigaíl Mejía a la historiografía dominicana, 30.-- Abigaíl Mejía: patriota, escritora y educadora, 30.-- Abigaíl Mejía: patriota, 37.-- Abigaíl Mejía: escritora, 40.-- Abigaíl Mejía: educadora, 41.-- Impronta de Abigaíl Mejía como pionera del feminismo dominicano, 44.-- Abigaíl volando alto con las alas de Clío, 85.-- La biografía del Padre Meriño escrita por Abigaíl Mejía, 61.-- Abigaíl Mejía, miembro de número del Instituto de Investigaciones Históricas, Silla S, 85.-- El Instituto de Investigaciones Históricas, 90.-- A modo de conclusión, 96.-- Bibliografía, 98.-- Datos biográficos de Reina Cristina Rosario Fernández, 101. -- Anexos. aInventariado, 2021/ YL aYLockward 2ddccLBS1 00102ddc51708PDaBNPHUbBNPHUcCTd2019-07-04eDepósito Legaloxxx M516a 2019p2021-1094r2021-03-22w2021-03-22yLBS1 00102ddc51708PDaBNPHUbBNPHUcCTd2019-07-04eDepósito Legaloxxx M516a 2019p2021-1095r2021-03-22te.2w2021-03-22yLBS1 00102ddc56708DSaBNPHUbBNPHUcCTd2019-07-04eDepósito Legaloxxx M516a 2019p2021-1096r2021-03-22te.3w2021-03-22yLBS1 00102ddc56708DSaBNPHUbBNPHUcCTd2022-06-22eDonaciónl0oxxx M516a 2019p2022-3149r2022-06-22te.4w2022-06-22yLBS1zDedicado a la biblioteca por la autora. 00102ddc56708DSaBNPHUbBNPHUcCTd2025-03-20eDonaciónl0oxxx M516a 2019p2025-3554r2025-04-23te.5w2025-04-23yLBS1 c49649d49649